Engineering drawing : (Record no. 592233)
[ view plain ]
| 000 -LEADER | |
|---|---|
| fixed length control field | 01423nam a22001697a 4500 |
| 003 - CONTROL NUMBER IDENTIFIER | |
| control field | NUST |
| 005 - DATE AND TIME OF LATEST TRANSACTION | |
| control field | 20221103094839.0 |
| 008 - FIXED-LENGTH DATA ELEMENTS--GENERAL INFORMATION | |
| fixed length control field | 221103b ||||| |||| 00| 0 eng d |
| 082 ## - DEWEY DECIMAL CLASSIFICATION NUMBER | |
| Classification number | 604.2,BHA |
| 100 ## - MAIN ENTRY--PERSONAL NAME | |
| Personal name | Bhatt, N.D. |
| 245 ## - TITLE STATEMENT | |
| Title | Engineering drawing : |
| Remainder of title | plane and solid geometry / |
| Statement of responsibility, etc. | N.D.Bhatt, |
| 260 ## - PUBLICATION, DISTRIBUTION, ETC. | |
| Place of publication, distribution, etc. | Pradipikumar |
| Name of publisher, distributor, etc. | India |
| Date of publication, distribution, etc. | 2016 |
| 300 ## - PHYSICAL DESCRIPTION | |
| Extent | xvi, 719 p |
| 505 ## - FORMATTED CONTENTS NOTE | |
| Formatted contents note | Drawing Instruments and their uses (Page-01), Sheet Layout and Free hand Sketching (Page-21), Lines, Lettering and Dimensioning (Page-33), Scaling (Page-51), Geometrical Constriction (Page-60), Curves Uses and Engineering Practice (Page-101), LOCI of Points (Page-151), Orthographic Projection (page-169), Projections of Points (Page-189), Projections of Straight Lines (Page-195), Projection on Auxiliary Planes (Page-241), Projection on Planes (Page-255), Projections of Solids (Page-271), Sections of Solids (Page-313), Development of Surface (Page-351), Intersection of Surfaces (Page-351), Isometric Projection (Page-381), Oblique Projection (page-465), Perspective Projections (Page-477), Orthographic reading and Conversion of Views (Page-511), Centers of Gravity and Moment of Inertia of Areas (Page-539), Nomography (Page-555), Screw Threads (Page-573), Screw Fastenings (Page-585), Riveted Joints and Welded Joints (Page-607), Computer Aided Drafting (CADs) (Page-621) |
| 651 ## - SUBJECT ADDED ENTRY--GEOGRAPHIC NAME | |
| Geographic name | Engineering drawing |
| 9 (RLIN) | 102284 |
| 942 ## - ADDED ENTRY ELEMENTS (KOHA) | |
| Source of classification or shelving scheme | |
| Koha item type | Book |
| Withdrawn status | Lost status | Source of classification or shelving scheme | Damaged status | Not for loan | Permanent Location | Current Location | Shelving location | Date acquired | Full call number | Barcode | Date last seen | Price effective from | Koha item type | Public note |
|---|---|---|---|---|---|---|---|---|---|---|---|---|---|---|
| Military College of Signals (MCS) | Military College of Signals (MCS) | General Stacks | 11/03/2022 | 604.2,BHA | MCS38175 | 11/03/2022 | 11/03/2022 | Book | Almirah Fresh No.45, Shelf No.1 |
